[Event "Campeonato de Espana por Equipos Sub 16"]
[Site "Benidorm ESP"]
[Date "2010.12.07"]
[Round "4.13"]
[White "Segara Martinez, Axel"]
[Black "Alonso Vara, Maria"]
[Result "1-0"]
[WhiteElo "1972"]
[BlackElo "1587"]
[PlyCount "89"]
[EventDate "2010.12.04"]
[EventType "team"]
[EventRounds "6"]
[EventCountry "ESP"]
[Source "lmi"]
[SourceDate "2010.12.04"]

1. e4 c5 2. Nf3 d6 3. d4 cxd4 4. Nxd4 Nf6 5. Nc3 a6 6. Be3 e6 7. f4 Qc7 8. Bd3
Nc6 9. Qf3 Be7 10. O-O-O Nxd4 11. Bxd4 e5 12. fxe5 dxe5 13. Qg3 O-O 14. Bxe5
Qc5 15. Nd5 Nh5 16. Qf3 g6 17. b4 Bg5+ 18. Kb1 Qc6 19. g4 Ng7 20. h4 Bd8 21. h5
g5 22. h6 Ne8 23. Bb2 f6 24. Rdf1 Rf7 25. e5 Be6 26. Nxf6+ Nxf6 27. Qxc6 bxc6
28. exf6 Rb8 29. Re1 Bd7 30. a3 c5 31. Bc4 cxb4 32. axb4 Rxb4 33. Bxf7+ Kxf7
34. Rd1 Rb7 35. Rhf1 a5 36. Rd5 Bb6 37. Ka1 a4 38. Rxg5 a3 39. Rg7+ Ke6 40. Bc3
Rc7 41. Re7+ Kd5 42. Rd1+ Kc4 43. Rexd7 Kxc3 44. Rxc7+ Bxc7 45. Ka2 1-0

[Event "Campeonato de Espana por Equipos Sub 16"]
[Site "Benidorm ESP"]
[Date "2010.12.07"]
[Round "4.14"]
[White "Lopez Martin, Jaime"]
[Black "Chakrian, Tigran"]
[Result "1-0"]
[WhiteElo "1762"]
[BlackElo "1846"]
[PlyCount "59"]
[EventDate "2010.12.04"]
[EventType "team"]
[EventRounds "6"]
[EventCountry "ESP"]
[Source "lmi"]
[SourceDate "2010.12.04"]

1. c4 e6 2. g3 g6 3. Bg2 c6 4. e4 Bg7 5. Nc3 Ne7 6. Nge2 O-O 7. O-O d5 8. exd5
exd5 9. cxd5 cxd5 10. d4 Nbc6 11. Be3 Be6 12. Qd2 Nf5 13. Nf4 Ncxd4 14. Bxd4
Nxd4 15. Nfxd5 Bxd5 16. Nxd5 Re8 17. Rfe1 Re6 18. Rac1 Rc8 19. Rxc8 Qxc8 20.
Ne7+ Rxe7 21. Rxe7 Bf6 22. Rxb7 Qd8 23. Kh1 a5 24. Ra7 Nc6 25. Qxd8+ Nxd8 26.
b3 Kf8 27. Rxa5 Ke7 28. Ra7+ Kd6 29. Ra6+ Ke5 30. f4+ 1-0

[Event "Campeonato de Espana por Equipos Sub 16"]
[Site "Benidorm ESP"]
[Date "2010.12.07"]
[Round "4.15"]
[White "Martinez De Lejarza, Ignacio"]
[Black "Melgar Paramo, Isaac"]
[Result "1-0"]
[WhiteElo "1751"]
[BlackElo "1553"]
[PlyCount "82"]
[EventDate "2010.12.04"]
[EventType "team"]
[EventRounds "6"]
[EventCountry "ESP"]
[Source "lmi"]
[SourceDate "2010.12.04"]

1. d4 Nf6 2. Nf3 e6 3. Bf4 d5 4. e3 c6 5. c3 Nbd7 6. Bd3 Be7 7. Nbd2 Nf8 8. Bg3
Ng6 9. Ne5 Nxe5 10. dxe5 Nd7 11. Bf4 g6 12. O-O Bf8 13. Nf3 Bg7 14. e4 Nc5 15.
Re1 O-O 16. Bc2 Qc7 17. Qd2 b6 18. exd5 cxd5 19. Bh6 Bb7 20. Bxg7 Kxg7 21. Nd4
a6 22. Qf4 Qe7 23. Re3 Rh8 24. Rae1 h6 25. h4 h5 26. Nf3 a5 27. Nd4 Ba6 28. Nc6
Qe8 29. Qf6+ Kh7 30. Rf3 Rf8 31. Ne7 Ne4 32. Bxe4 dxe4 33. Rg3 Ra7 34. Nc6 Qxc6
35. Rxg6 fxg6 36. Qxf8 Bd3 37. Rd1 Qd7 38. Qb8 Qc7 39. Qe8 Qxe5 40. f3 Be2 41.
Rd8 Qg7 1-0

[Event "Campeonato de Espana por Equipos Sub 16"]
[Site "Benidorm ESP"]
[Date "2010.12.07"]
[Round "4.16"]
[White "Hernandez Mateo, Javier"]
[Black "Guillem Mora, Carlos"]
[Result "1/2-1/2"]
[WhiteElo "1700"]
[BlackElo "1659"]
[PlyCount "74"]
[EventDate "2010.12.04"]
[EventType "team"]
[EventRounds "6"]
[EventCountry "ESP"]
[Source "lmi"]
[SourceDate "2010.12.04"]

1. d4 d5 2. c4 c6 3. Nf3 e6 4. a3 Bd6 5. e3 f5 6. Nc3 Nf6 7. Be2 Nbd7 8. Qc2
Ne4 9. b4 Ndf6 10. h3 Bd7 11. c5 Bc7 12. Nd1 g5 13. Nb2 Rf8 14. Nd3 Qe7 15. a4
a6 16. Nfe5 Qg7 17. Bd2 Nxd2 18. Kxd2 Ne4+ 19. Kc1 Bxe5 20. Nxe5 Ke7 21. Bf3
Rf6 22. Bxe4 fxe4 23. g3 Raf8 24. Rh2 h5 25. Ra2 Be8 26. Kb2 Kd8 27. Kc3 Qc7
28. Qb1 Qb8 29. Rb2 Qc7 30. Qd1 Qb8 31. Kb3 Qa7 32. Ka2 Qb8 33. Kb1 Qc7 34. Qc1
Qb8 35. Qc3 Qc7 36. Qe1 Qb8 37. Rg2 Qc7 1/2-1/2

[Event "Campeonato de Espana por Equipos Sub 16"]
[Site "Benidorm ESP"]
[Date "2010.12.07"]
[Round "5.3"]
[White "Ballester Llagaria, Luis Eduardo"]
[Black "Navarro Lopez-Menchero, Daniel"]
[Result "1-0"]
[WhiteElo "2053"]
[BlackElo "2098"]
[PlyCount "43"]
[EventDate "2010.12.04"]
[EventType "team"]
[EventRounds "6"]
[EventCountry "ESP"]
[Source "lmi"]
[SourceDate "2010.12.04"]

1. e4 c5 2. Nf3 e6 3. d4 cxd4 4. Nxd4 a6 5. Nc3 Qc7 6. Bd3 Bd6 7. h3 Nc6 8.
Nxc6 dxc6 9. Qg4 Be5 10. f4 h5 11. Qf3 Bxc3+ 12. bxc3 c5 13. O-O c4 14. Be2 Ne7
15. Ba3 g6 16. Rad1 b5 17. f5 gxf5 18. exf5 Bb7 19. Qf2 Nxf5 20. Bf3 Rd8 21.
Qa7 Rb8 22. Bc6+ 1-0

[Event "Campeonato de Espana por Equipos Sub 16"]
[Site "Benidorm ESP"]
[Date "2010.12.07"]
[Round "5.4"]
[White "Navaro Lopez-Menchero, Alvaro"]
[Black "Nieves Cabanes, Javier"]
[Result "1/2-1/2"]
[WhiteElo "1413"]
[BlackElo "1851"]
[PlyCount "122"]
[EventDate "2010.12.04"]
[EventType "team"]
[EventRounds "6"]
[EventCountry "ESP"]
[Source "lmi"]
[SourceDate "2010.12.04"]

1. d4 d5 2. c4 c6 3. Nf3 Nf6 4. g3 e6 5. Bg2 Nbd7 6. b3 Bd6 7. O-O O-O 8. Qc2
Qe7 9. Bb2 dxc4 10. Qxc4 e5 11. dxe5 Nxe5 12. Nxe5 Bxe5 13. Qc2 Bf5 14. e4 Bxb2
15. Qxb2 Bxe4 16. Bxe4 Qxe4 17. Nd2 Qg4 18. Rfe1 Rad8 19. Nf1 Rfe8 20. Ne3 Qf3
21. Qe2 Qxe2 22. Rxe2 Re6 23. Ree1 Kf8 24. Rad1 Red6 25. Rxd6 Rxd6 26. Nc4 Rd5
27. Re2 Ne8 28. Kf1 Nd6 29. Ne3 Rd3 30. h4 b6 31. Ng4 f6 32. Re6 Kf7 33. Re3
Rxe3 34. Nxe3 Ne4 35. Nd1 Ke6 36. Ke2 b5 37. Ke3 Ke5 38. Nb2 b4 39. Nd3+ Kd5
40. Nxb4+ Kc5 41. Nxc6 Nxg3 42. Nxa7 Nf5+ 43. Kf4 Nxh4 44. Nc8 Ng6+ 45. Ke4 h5
46. Kf5 Nh4+ 47. Kf4 g5+ 48. Kg3 Nf5+ 49. Kh3 g4+ 50. Kh2 h4 51. a4 Nd4 52. a5
Kb5 53. b4 Nc6 54. Nd6+ Kxb4 55. Ne8 f5 56. Ng7 f4 57. Nh5 f3 58. Nf6 g3+ 59.
fxg3 f2 60. Kg2 hxg3 61. Ne4 Kxa5 1/2-1/2

[Event "Campeonato de Espana por Equipos Sub 16"]
[Site "Benidorm ESP"]
[Date "2010.12.07"]
[Round "5.5"]
[White "Montañes Arribas, Adrian"]
[Black "Segara Martinez, Axel"]
[Result "1/2-1/2"]
[WhiteElo "2166"]
[BlackElo "1972"]
[PlyCount "160"]
[EventDate "2010.12.04"]
[EventType "team"]
[EventRounds "6"]
[EventCountry "ESP"]
[Source "lmi"]
[SourceDate "2010.12.04"]

1. e4 e6 2. d4 d5 3. Nd2 Nf6 4. e5 Nfd7 5. Bd3 c5 6. c3 Nc6 7. Ne2 cxd4 8. cxd4
f6 9. exf6 Nxf6 10. O-O Bd6 11. Nf3 Qc7 12. Bg5 O-O 13. Rc1 Ng4 14. Ng3 Qb6 15.
Bb1 Qxb2 16. Qd3 g6 17. h3 Nf6 18. Bh6 Re8 19. Rfe1 Bd7 20. Rcd1 e5 21. dxe5
Nxe5 22. Nxe5 Rxe5 23. Rxe5 Qxe5 24. Be3 Bc6 25. Bd4 Qe7 26. Qc3 Nd7 27. Bc2
Bb4 28. Qf3 Rf8 29. Qg4 Nf6 30. Qg5 Nd7 31. Qg4 Nf6 32. Qg5 Kf7 33. Bxa7 Ra8
34. Bd4 Rxa2 35. Bb3 Ra5 36. h4 Ne8 37. Qh6 Kg8 38. h5 Qf8 39. Qe3 Bc5 40. hxg6
hxg6 41. Bxc5 Rxc5 42. Rd4 Ra5 43. Rf4 Ra1+ 44. Nf1 Qd6 45. Qd4 Re1 46. g3 Qe5
47. Qb4 Nf6 48. Qd4 Qxd4 49. Rxd4 Bb5 50. Rd1 Rxd1 51. Bxd1 d4 52. Nd2 Kg7 53.
f3 Nd5 54. Kf2 Nc3 55. Bb3 Kf6 56. Nc4 Ba4 57. Bxa4 Nxa4 58. Ke2 Nc5 59. Kd2
Ke6 60. Na3 Kd5 61. Nb5 Nd7 62. f4 b6 63. Kd3 Nc5+ 64. Kd2 Ke4 65. Nd6+ Kd5 66.
Nb5 Kc4 67. Nd6+ Kb4 68. g4 Nd7 69. Ne4 Kc4 70. f5 gxf5 71. gxf5 Kd5 72. Ng3 b5
73. Nh5 Ke5 74. Ng3 b4 75. Ne2 Nc5 76. f6 Nd7 77. Kd3 Nc5+ 78. Kd2 b3 79. f7
Nd7 80. Nc1 Ke6 1/2-1/2

[Event "Campeonato de Espana por Equipos Sub 16"]
[Site "Benidorm ESP"]
[Date "2010.12.07"]
[Round "5.6"]
[White "Chakrian, Tigran"]
[Black "Martin Duque, Jesus"]
[Result "1-0"]
[WhiteElo "1846"]
[BlackElo "2118"]
[PlyCount "97"]
[EventDate "2010.12.04"]
[EventType "team"]
[EventRounds "6"]
[EventCountry "ESP"]
[Source "lmi"]
[SourceDate "2010.12.04"]

1. d4 Nf6 2. c4 c6 3. Nc3 d5 4. Nf3 dxc4 5. a4 Bf5 6. e3 e6 7. Bxc4 Bb4 8. Bd2
O-O 9. O-O Nbd7 10. Re1 Bg6 11. Ne2 Bxd2 12. Nxd2 e5 13. a5 Qe7 14. Qb3 b5 15.
Bd3 Bxd3 16. Qxd3 e4 17. Qb1 Rfe8 18. Nc3 b4 19. Na4 Nd5 20. Rc1 Rac8 21. Nc5
N7f6 22. Nc4 Nc7 23. Ne5 Nb5 24. Rc4 Nd5 25. Nb3 Qe6 26. Qc2 Ne7 27. Rxb4 f6
28. Nc5 Qf5 29. Nxc6 Rxc6 30. Rxb5 Rec8 31. Qb3+ Kh8 32. Rb8 Ng6 33. Rxc8+ Qxc8
34. Rc1 Nh4 35. Qd1 f5 36. Nb3 h6 37. d5 Rxc1 38. Qxc1 Qd8 39. Qd1 Qg5 40. g3
Nf3+ 41. Kf1 Qg4 42. Nd4 Nxh2+ 43. Ke1 Qh3 44. Qe2 Qg2 45. d6 Qg1+ 46. Kd2 Qb1
47. Kc3 Qa1 48. Kb4 Qa2 49. b3 1-0

[Event "Campeonato de Espana por Equipos Sub 16"]
[Site "Benidorm ESP"]
[Date "2010.12.07"]
[Round "5.8"]
[White "Guillem Mora, Carlos"]
[Black "Morona Minguez, Irene"]
[Result "1-0"]
[WhiteElo "1659"]
[BlackElo "1920"]
[PlyCount "105"]
[EventDate "2010.12.04"]
[EventType "team"]
[EventRounds "6"]
[EventCountry "ESP"]
[Source "lmi"]
[SourceDate "2010.12.04"]

1. d4 Nf6 2. Bf4 d6 3. Nf3 g6 4. Nc3 Bg7 5. e4 Nbd7 6. Qd2 O-O 7. Bh6 Re8 8. h4
e5 9. d5 Nc5 10. Bd3 c6 11. dxc6 bxc6 12. Bxg7 Kxg7 13. O-O d5 14. Rfe1 d4 15.
Nd1 Bg4 16. Nh2 Be6 17. Qg5 Qc7 18. f3 Nh5 19. Nf2 Nf4 20. Nhg4 Bxg4 21. Nxg4
Qd6 22. Bc4 Nd7 23. Nh6 Qc5 24. Bxf7 Rf8 25. Bb3 d3+ 26. Kh1 dxc2 27. Rac1 Qf2
28. Rf1 Qxg2+ 29. Qxg2 Nxg2 30. Kxg2 Kxh6 31. Rxc2 Rf6 32. Ba4 Rc8 33. Rfc1 Nb8
34. Rc5 Rcf8 35. R1c3 Rd8 36. Kg3 Rd2 37. Rb3 Nd7 38. Rxc6 Rf4 39. Re6 Nf8 40.
Rxe5 Rf6 41. Re7 Ra6 42. Rb4 Rf6 43. e5 Rf5 44. Rb3 Rd4 45. Bc6 Rff4 46. Be4
Rfxe4 47. fxe4 Rxe4 48. Re8 Nd7 49. Rb7 Nc5 50. Rxa7 Rd4 51. Ree7 Ne4+ 52. Kf3
Nd2+ 53. Ke3 1-0

[Event "Campeonato de Espana por Equipos Sub 16"]
[Site "Benidorm ESP"]
[Date "2010.12.07"]
[Round "5.9"]
[White "Alonso Gorrin, Javier"]
[Black "Meneses Gonzalez, Kevin Moises"]
[Result "0-1"]
[WhiteElo "1831"]
[BlackElo "2168"]
[PlyCount "66"]
[EventDate "2010.12.04"]
[EventType "team"]
[EventRounds "6"]
[EventCountry "ESP"]
[Source "lmi"]
[SourceDate "2010.12.04"]

1. e4 c5 2. Nf3 d6 3. d4 cxd4 4. Nxd4 Nf6 5. Nc3 Nc6 6. Be3 Ng4 7. Bg5 h6 8.
Bh4 g5 9. Bg3 Bg7 10. Nb3 Be6 11. Qd2 Nge5 12. O-O-O Nc4 13. Bxc4 Bxc4 14. f4
gxf4 15. Bxf4 Ne5 16. Nd4 Qb6 17. Nf5 Bf6 18. Be3 Qc7 19. Kb1 O-O-O 20. h3 Qa5
21. b3 Kb8 22. Na4 Qxd2 23. Rxd2 Be6 24. Nd4 Bd7 25. Nb2 h5 26. c4 Rhg8 27.
Rhd1 b6 28. Nb5 Bc6 29. Nc3 Nxc4 30. Nxc4 Bxc3 31. Rf2 Bxe4+ 32. Kc1 Rxg2 33.
Rxg2 Bxg2 0-1

[Event "Campeonato de Espana por Equipos Sub 16"]
[Site "Benidorm ESP"]
[Date "2010.12.07"]
[Round "5.10"]
[White "Rodriguez Lapetra, Pablo"]
[Black "Vinuela Diaz, Saul"]
[Result "1-0"]
[WhiteElo "2097"]
[BlackElo "1645"]
[PlyCount "77"]
[EventDate "2010.12.04"]
[EventType "team"]
[EventRounds "6"]
[EventCountry "ESP"]
[Source "lmi"]
[SourceDate "2010.12.04"]

1. e4 c5 2. Nf3 d6 3. Nc3 e6 4. d4 cxd4 5. Nxd4 Nf6 6. Be3 Be7 7. f3 O-O 8. Qd2
Nc6 9. g4 Bd7 10. O-O-O Rc8 11. Kb1 Ne5 12. h4 Nc4 13. Bxc4 Rxc4 14. h5 a6 15.
g5 Ne8 16. Rdg1 b5 17. g6 b4 18. Nce2 a5 19. Nc1 Bf6 20. h6 fxg6 21. hxg7 Bxg7
22. Qh2 Nf6 23. Nde2 e5 24. Bg5 Rf7 25. Ng3 Qc8 26. Rg2 a4 27. Bxf6 Bxf6 28.
Qh6 Qf8 29. Qh2 Qc8 30. Qh6 Qf8 31. Qd2 Bg7 32. Rgh2 Rxf3 33. Rxh7 Rxg3 34. Qh2
Qf3 35. Rxg7+ Kxg7 36. Qh8+ Kf7 37. Rh7+ Ke6 38. Qg8+ Kf6 39. Qd8+ 1-0

[Event "Campeonato de Espana por Equipos Sub 16"]
[Site "Benidorm ESP"]
[Date "2010.12.07"]
[Round "5.13"]
[White "Alonso Vara, Maria"]
[Black "Tejedor Fuentes, Enrique"]
[Result "0-1"]
[WhiteElo "1587"]
[BlackElo "2141"]
[PlyCount "95"]
[EventDate "2010.12.04"]
[EventType "team"]
[EventRounds "6"]
[EventCountry "ESP"]
[Source "lmi"]
[SourceDate "2010.12.04"]

1. e4 e6 2. d4 d5 3. Nc3 Nf6 4. e5 Nfd7 5. f4 c5 6. Nf3 Nc6 7. Be3 a6 8. Qd2 b5
9. dxc5 Bxc5 10. Ne2 Qb6 11. Bxc5 Nxc5 12. Ned4 Nxd4 13. Qxd4 Bb7 14. c3 O-O
15. Be2 Qc7 16. O-O Na4 17. Qd2 Nb6 18. Rf2 Nc4 19. Qc2 h6 20. Nd4 Qc5 21. a3
Rac8 22. Rc1 a5 23. Bg4 Ne3 24. Qe2 Qxd4 25. Re1 Qc4 26. Qxe3 b4 27. Qb6 bxa3
28. Qxa5 axb2 29. Rxb2 Qxf4 30. Rxb7 Qxg4 31. Rb4 Qg5 32. Rb2 Rc4 33. Rc2 Rfc8
34. Rf2 Rxc3 35. Qa7 R3c7 36. Qd4 Rc1 37. Rxc1 Rxc1+ 38. Rf1 Rc2 39. Rf2 Rc1+
40. Rf1 Rxf1+ 41. Kxf1 Qf5+ 42. Kg1 Qe4 43. Qxe4 dxe4 44. Kf2 f5 45. Ke3 g5 46.
g3 Kf7 47. h4 Kg6 48. Kd4 0-1

[Event "Campeonato de Espana por Equipos Sub 16"]
[Site "Benidorm ESP"]
[Date "2010.12.07"]
[Round "5.14"]
[White "Garcia Perez, Javier"]
[Black "Lopez Martin, Jaime"]
[Result "1-0"]
[WhiteElo "1952"]
[BlackElo "1762"]
[PlyCount "71"]
[EventDate "2010.12.04"]
[EventType "team"]
[EventRounds "6"]
[EventCountry "ESP"]
[Source "lmi"]
[SourceDate "2010.12.04"]

1. e4 c5 2. d3 d6 3. g3 Nc6 4. Bg2 g6 5. Be3 Bg7 6. c3 Nf6 7. f3 Qb6 8. Qd2 d5
9. Na3 d4 10. Bf4 e5 11. Nc4 Qc7 12. Bh6 O-O 13. Ne2 Be6 14. Bxg7 Kxg7 15. cxd4
cxd4 16. Rc1 Nd7 17. O-O Nb6 18. f4 Nxc4 19. dxc4 f6 20. h4 Bg4 21. Bf3 Qd7 22.
Rce1 Bxf3 23. Rxf3 h6 24. Ref1 Qe7 25. g4 Rae8 26. Ng3 Qd7 27. g5 hxg5 28. hxg5
fxg5 29. f5 Rf6 30. Qxg5 Rh8 31. fxg6 Rxg6 32. Nf5+ Qxf5 33. Rxf5 Rxg5+ 34.
Rxg5+ Kh6 35. Rg3 Rc8 36. Kg2 1-0

[Event "Campeonato de Espana por Equipos Sub 16"]
[Site "Benidorm ESP"]
[Date "2010.12.07"]
[Round "5.15"]
[White "Hernandez Mateo, Javier"]
[Black "Buiza Prieto, Aizbeltz"]
[Result "1-0"]
[WhiteElo "1700"]
[PlyCount "57"]
[EventDate "2010.12.04"]
[EventType "team"]
[EventRounds "6"]
[EventCountry "ESP"]
[Source "lmi"]
[SourceDate "2010.12.04"]
[BlackElo "1872"]

1. d4 f5 2. c4 Nf6 3. Nc3 g6 4. Nf3 Bg7 5. g3 O-O 6. Bg2 d6 7. O-O c6 8. Qc2
Qe8 9. d5 e5 10. dxe6 Bxe6 11. Bf4 d5 12. Bd6 Rf7 13. Ne5 dxc4 14. Nxf7 Qxf7
15. e3 Nbd7 16. Ne2 Ne8 17. Bb4 c5 18. Bc3 Rb8 19. Rfd1 g5 20. Rd2 b5 21. Rad1
b4 22. Bxg7 Kxg7 23. Bd5 Ne5 24. Qa4 Nc7 25. Bxe6 Nxe6 26. Rd7 Nxd7 27. Rxd7
Rd8 28. Rxf7+ Kxf7 29. Qc2 1-0

[Event "Campeonato de Espana por Equipos Sub 16"]
[Site "Benidorm ESP"]
[Date "2010.12.07"]
[Round "5.16"]
[White "Alonso Vara, Laura"]
[Black "Pordomingo Sedano, Diego"]
[Result "1/2-1/2"]
[WhiteElo "1587"]
[BlackElo "1680"]
[PlyCount "89"]
[EventDate "2010.12.04"]
[EventType "team"]
[EventRounds "6"]
[EventCountry "ESP"]
[Source "lmi"]
[SourceDate "2010.12.04"]

1. e4 c5 2. Nc3 a6 3. g3 d6 4. d3 Nc6 5. Bg2 e6 6. f4 Nge7 7. Nf3 g6 8. O-O Bg7
9. a4 Nd4 10. Ne2 Bd7 11. c3 Ndc6 12. Be3 O-O 13. g4 f6 14. Ng3 f5 15. g5 e5
16. Qd2 Na5 17. Qc2 b6 18. Nh4 Rb8 19. exf5 Nxf5 20. Nhxf5 Bxf5 21. Nxf5 Rxf5
22. Be4 Rf8 23. Bd5+ Kh8 24. Rae1 Qd7 25. b4 Nc6 26. Qg2 Ne7 27. Bb3 exf4 28.
Bxf4 Bxc3 29. Rc1 Bd4+ 30. Kh1 cxb4 31. Qe4 Nf5 32. Be6 Qb7 33. Bxf5 gxf5 34.
Qxb7 Rxb7 35. Bxd6 Rg8 36. Bxb4 Rxg5 37. Rc4 Rd7 38. Rxd4 Rxd4 39. Bc3 Rgg4 40.
Rg1 Rh4 41. Rg5 h6 42. Rxf5 Kh7 43. Bxd4 Rxd4 44. Rf6 Rxa4 45. Rxb6 1/2-1/2

[Event "Campeonato de España por Equipos Sub 16"]
[Site "www.feda.org"]
[Date "2010.12.08"]
[Round "6.1"]
[White "Tejedor Fuentes, Enrique"]
[Black "Silva Rodriguez, Julio"]
[Result "1/2-1/2"]
[WhiteElo "2141"]
[BlackElo "2094"]
[PlyCount "83"]

1. e4 e6 2. d4 d5 3. e5 c5 4. c3 Qb6 5. a3 Nc6 6. Nf3 c4 7. Nbd2 Na5 8. Be2 Bd7
9. O-O Ne7 10. Qc2 Nc8 11. Re1 Qc7 12. a4 Nb6 13. b4 cxb3 14. Nxb3 Nbc4 15.
Nxa5 Nxa5 16. Nd2 Rc8 17. Bb2 a6 18. Bd3 h6 19. f4 b5 20. axb5 axb5 21. Rec1
Be7 22. f5 Nc4 23. fxe6 Bxe6 24. Nxc4 bxc4 25. Bf5 Bxf5 26. Qxf5 Qd7 27. Qf3
O-O 28. Ba3 Bxa3 29. Rxa3 Ra8 30. Rca1 Qb7 31. h3 Rxa3 32. Rxa3 Ra8 33. Rxa8+
Qxa8 34. Kh2 Qc6 35. Qg4 Qe6 36. Qh4 Qd7 37. Qf4 Qe6 38. Qf3 Qc6 39. Kh1 Qe6
40. Kg1 Qc6 41. Qe2 Qg6 42. Qf3 1/2-1/2

[Event "Campeonato de España por Equipos Sub 16"]
[Site "www.feda.org"]
[Date "2010.12.08"]
[Round "6.2"]
[White "Monotliu Cervero, Francisco"]
[Black "Garcia Perez, Javier"]
[Result "1/2-1/2"]
[WhiteElo "2075"]
[BlackElo "1952"]
[PlyCount "81"]

1. e4 e6 2. d4 d5 3. e5 c5 4. c3 Bd7 5. a3 Qb6 6. b4 cxd4 7. cxd4 Bb5 8. Bxb5+
Qxb5 9. Nc3 Qc6 10. Bb2 Nd7 11. Rc1 Nb6 12. Nf3 Nc4 13. Qb3 Nh6 14. O-O Be7 15.
b5 Qc7 16. Nb1 Qd7 17. Nbd2 Nxd2 18. Nxd2 O-O 19. a4 Rfc8 20. f4 Rxc1 21. Rxc1
Rc8 22. Rc3 f6 23. Nf3 Kf7 24. h3 Rc7 25. Qc2 Rxc3 26. Qxc3 b6 27. g4 Bd8 28.
Ba3 Be7 29. Bb2 Bd8 30. Nd2 Ke8 31. Qd3 f5 32. g5 Ng8 33. h4 Qf7 34. Qf3 h5 35.
Kf2 g6 36. Qd3 Qc7 37. Nf1 Kd7 38. Nd2 Be7 39. Bc3 Ba3 40. Nb1 Be7 41. Bd2
1/2-1/2

[Event "Campeonato de España por Equipos Sub 16"]
[Site "www.feda.org"]
[Date "2010.12.08"]
[Round "6.3"]
[White "Buiza Prieto, Aizbeltz"]
[Black "Ballester Llagaria, Luis Eduardo"]
[Result "0-1"]
[BlackElo "2053"]
[PlyCount "108"]
[WhiteElo "1872"]

1. e4 c5 2. Nf3 e6 3. d4 cxd4 4. Nxd4 Nf6 5. Nc3 Nc6 6. Ndb5 d6 7. Bf4 e5 8.
Bg5 a6 9. Na3 Be6 10. Nc4 Rc8 11. Bxf6 Qxf6 12. Nb6 Rb8 13. Ncd5 Qd8 14. c3 g6
15. Qa4 Bh6 16. Bxa6 O-O 17. Bc4 Kh8 18. O-O f5 19. exf5 gxf5 20. Qc2 Rg8 21.
Kh1 Qh4 22. g3 Qh3 23. Rfe1 Rbf8 24. Bf1 Qh5 25. Qe2 Qf7 26. Bg2 f4 27. gxf4
Rxg2 28. Kxg2 Bxd5+ 29. Nxd5 Qxd5+ 30. Qe4 Qg8+ 31. Kh1 Rxf4 32. Qg2 Qf7 33.
Rg1 Bg7 34. a4 e4 35. a5 Ne5 36. a6 bxa6 37. Rxa6 h6 38. Rxd6 Ng4 39. Rd8+ Kh7
40. f3 exf3 41. Qc2+ Qg6 42. Qxg6+ Kxg6 43. Rf1 Ne3 44. Rf2 Bf6 45. Rg8+ Kf5
46. Rf8 Nd1 47. Rf1 Nxb2 48. Kg1 Nc4 49. Kf2 Nd2 50. Rxf6+ Kxf6 51. Ke3 Nxf1+
52. Kxf4 Nxh2 53. Kg3 h5 54. Kxh2 h4 0-1

[Event "Campeonato de España por Equipos Sub 16"]
[Site "www.feda.org"]
[Date "2010.12.08"]
[Round "6.4"]
[White "Nieves Cabanes, Javier"]
[Black "Pordomingo Sedano, Diego"]
[Result "1-0"]
[WhiteElo "1851"]
[BlackElo "1680"]
[PlyCount "45"]

1. d4 Nf6 2. c4 g6 3. Nc3 Bg7 4. e4 d6 5. Be2 Nc6 6. Be3 e5 7. d5 Ne7 8. g4 Nd7
9. Nf3 h6 10. h4 Nb6 11. Nd2 c6 12. Nb3 cxd5 13. cxd5 Bd7 14. Qd2 Qc8 15. Nb5
Bxb5 16. Bxb5+ Nd7 17. Rc1 Qb8 18. Qb4 a6 19. Bxd7+ Kxd7 20. Bb6 Nc8 21. Rc7+
Ke8 22. Qa4+ Kf8 23. Qd7 1-0

[Event "Campeonato de España por Equipos Sub 16"]
[Site "www.feda.org"]
[Date "2010.12.08"]
[Round "6.5"]
[White "Meneses Gonzalez, Kevin Moises"]
[Black "Segara Martinez, Axel"]
[Result "1-0"]
[WhiteElo "2168"]
[BlackElo "1972"]
[PlyCount "85"]

1. e4 e6 2. d4 d5 3. Nc3 Bb4 4. e5 b6 5. a3 Bf8 6. Bb5+ c6 7. Ba4 Ne7 8. Nf3
Nf5 9. Bg5 Qc7 10. Ne2 h6 11. Bd2 Bd7 12. c3 c5 13. Bc2 Be7 14. Nf4 Qb7 15. Nh5
Kf8 16. g4 Nh4 17. Nxh4 Bxh4 18. O-O Nc6 19. Be3 Be7 20. f4 cxd4 21. cxd4 g6
22. Ng3 Na5 23. b3 Rc8 24. f5 g5 25. fxe6 Bxe6 26. Bf5 Ke8 27. Nh5 Rc3 28. Bd2
Rxb3 29. Qc2 Kd8 30. Bxe6 fxe6 31. Ng7 Qc6 32. Qg6 Nc4 33. Bb4 Bxb4 34. axb4 a5
35. Nxe6+ Kc8 36. Rf7 Kb8 37. Qg7 Re8 38. Nc7 Rc8 39. Ne6 Rc7 40. Nf8 Re3 41.
e6 Qb7 42. b5 Ka7 43. Nd7 1-0

[Event "Campeonato de España por Equipos Sub 16"]
[Site "www.feda.org"]
[Date "2010.12.08"]
[Round "6.6"]
[White "Chakrian, Tigran"]
[Black "Rodriguez Lapetra, Pablo"]
[Result "1/2-1/2"]
[WhiteElo "1846"]
[BlackElo "2097"]
[PlyCount "81"]

1. d4 Nf6 2. c4 g6 3. Nc3 d5 4. Bf4 Bg7 5. e3 O-O 6. Nf3 c5 7. Be2 dxc4 8. Bxc4
Qa5 9. Qb3 cxd4 10. exd4 Nc6 11. Be3 Qf5 12. Bb5 Be6 13. Qa4 Bd7 14. Qd1 Nb4
15. Bxd7 Qxd7 16. O-O Rfd8 17. Ne5 Qe6 18. Nd3 Nxd3 19. Qxd3 Nd5 20. a3 Rac8
21. Rac1 a6 22. Rfe1 Qd7 23. Red1 Rc6 24. Nxd5 Qxd5 25. Rc3 Rcd6 26. Rc7 e5 27.
Rdc1 exd4 28. Bf4 Rb6 29. b4 Re6 30. Rc8 Rde8 31. Rxe8+ Rxe8 32. Bd2 f5 33. Kf1
Re7 34. Qc4 Qxc4+ 35. Rxc4 Kf7 36. a4 Be5 37. a5 Ke6 38. f4 Bg7 39. Ke2 Kd6+
40. Kd3 Kd7 41. g3 1/2-1/2

[Event "Campeonato de España por Equipos Sub 16"]
[Site "www.feda.org"]
[Date "2010.12.08"]
[Round "6.7"]
[White "Nortes Hernandez, Pedro"]
[Black "Martinez De Lejarza, Ignacio"]
[Result "1/2-1/2"]
[WhiteElo "2045"]
[BlackElo "1751"]
[PlyCount "84"]

1. e4 e5 2. Bc4 Nf6 3. d3 Bc5 4. Nf3 d6 5. O-O Be6 6. Bb3 O-O 7. Be3 Bb6 8.
Nbd2 Nbd7 9. Re1 Re8 10. Nc4 h6 11. Bxb6 Nxb6 12. Nxb6 axb6 13. h3 Qd7 14. Bxe6
Qxe6 15. c4 Nd7 16. a4 f5 17. b4 Nf6 18. Nd2 f4 19. Nb3 Nd7 20. Qg4 Qxg4 21.
hxg4 Ra7 22. a5 bxa5 23. Rxa5 Rea8 24. Rea1 Rxa5 25. Rxa5 Rxa5 26. Nxa5 b6 27.
Nc6 Kf7 28. f3 Ke8 29. Na7 Nf8 30. Nb5 Ne6 31. Nc3 Kd7 32. Ne2 Ke7 33. Kf2 Nd4
34. Nxd4 exd4 35. g3 g5 36. b5 Kf6 37. Kg2 Kg6 38. Kh3 Kf6 39. Kg2 Kg6 40. Kh2
Kf6 41. Kh3 Ke5 42. Kh2 Kf6 1/2-1/2

[Event "Campeonato de España por Equipos Sub 16"]
[Site "www.feda.org"]
[Date "2010.12.08"]
[Round "6.8"]
[White "Guillem Mora, Carlos"]
[Black "Molina Rodriguez, Borja"]
[Result "0-1"]
[WhiteElo "1659"]
[BlackElo "2039"]
[PlyCount "140"]

1. d4 Nf6 2. Bf4 e6 3. Nf3 c5 4. e3 Qb6 5. Nc3 a6 6. a3 d5 7. Be2 Nc6 8. O-O c4
9. Qd2 Be7 10. h3 O-O 11. b4 Bd7 12. Na4 Qa7 13. Nc3 b5 14. Ne5 Qb7 15. Nxc6
Bxc6 16. Bh2 Qb6 17. f3 a5 18. Na2 axb4 19. Nxb4 Ra4 20. c3 Rfa8 21. Qb2 Nd7
22. f4 f5 23. g4 Bxb4 24. axb4 Qa6 25. Rae1 Ra2 26. Qb1 g6 27. Bf3 Qa3 28. Qc1
Nb6 29. Re2 Ra1 30. Qb2 Qxb2 31. Rxb2 R8a3 32. Rxa1 Rxa1+ 33. Kf2 Rc1 34. Ra2
Na4 35. Bg3 Kf7 36. gxf5 exf5 37. Bh4 Ke6 38. Bg3 Kd6 39. Bh4 Rb1 40. Rc2 Rb3
41. Rc1 Nxc3 42. Ra1 Rxb4 43. Ra7 Ne4+ 44. Bxe4 Rb2+ 45. Ke1 dxe4 46. Rxh7 c3
47. Rg7 Rg2 48. Bg5 c2 49. Be7+ Kd5 50. Ba3 b4 51. Bb2 Bb5 52. Rb7 Kc6 53. Rg7
Re2+ 54. Kf1 c1=Q+ 55. Bxc1 Rc2+ 56. Ke1 Rxc1+ 57. Kd2 Rg1 58. h4 Rg2+ 59. Kc1
Bd3 60. Rg8 Kb5 61. h5 Rc2+ 62. Kd1 gxh5 63. Rg5 b3 64. Rxf5+ Kb4 65. Rf8 b2
66. Rb8+ Ka5 67. f5 Rc1+ 68. Kd2 b1=Q 69. Rxb1 Rxb1 70. f6 Rb7 0-1